|
|
|
|
| LEADER |
01491nam a2200277 i 4500 |
| 001 |
GR-MES2707 |
| 003 |
GR-PaULI |
| 005 |
20241015111521.0 |
| 008 |
991111s1996 gr a g 000 0 gre d |
| 020 |
|
|
|a 9602861738
|
| 040 |
|
|
|a GrPaTEI
|b gre
|c GR-PaULI
|e AACR2
|
| 082 |
0 |
4 |
|2 23
|a 613.2
|
| 100 |
1 |
|
|a Townsend, Carrolynn, E.
|9 206344
|e συγγραφέας.
|
| 245 |
1 |
0 |
|a Διαιτητική :
|b υγιεινή διατροφή και θεραπευτίκες δίαιτες /
|c Carrolynn E. Townsend ; επιμέλεια ελληνικής έκδοσης Γ. Χατήρης ; απόδοση στην ελληνική γλώσσα Γ. Χατήρης.
|
| 250 |
|
|
|a 6η έκδ.
|
| 260 |
|
|
|a Αθήνα :
|b Ίων,
|c c1996.
|
| 300 |
|
|
|a 591 σ. :
|b εικ. ;
|c 24 εκ.
|
| 650 |
|
4 |
|a Διαιτολογία
|9 44198
|
| 650 |
|
4 |
|a Δίαιτα ασθενών
|9 206345
|
| 650 |
|
4 |
|a Διαιτητική θεραπεία
|9 198376
|
| 700 |
|
|
|a Χατήρης, Γιάννης
|9 188008
|e μεταφραστής
|
| 942 |
|
|
|2 ddc
|c BK
|
| 952 |
|
|
|0 0
|1 0
|2 ddc
|4 0
|6 613_200000000000000_TOW
|7 0
|9 267130
|a MSLG
|b MSLG
|c BSC
|d 2021-01-17
|e 24
|f 0
|g 0.00
|i 6887
|l 0
|o 613.2 TOW
|p 2420000006887
|r 2021-01-17 00:00:00
|t 1
|w 2021-01-17
|y BK15
|x 19991111 0 1
|x GrPaTEI
|
| 952 |
|
|
|0 0
|1 0
|2 ddc
|4 0
|6 613_200000000000000_TOW
|7 0
|9 267131
|a MSLG
|b MSLG
|c BSC
|d 2021-01-17
|e 24
|f 0
|g 0.00
|i 13141
|l 0
|o 613.2 TOW
|p 2420000013141
|r 2021-01-17 00:00:00
|t 2
|w 2021-01-17
|y BK15
|x 19991111 0 1
|x GrPaTEI
|
| 998 |
|
|
|c ΒΑΣΙΛΕΙΟΥ
|d 2024-10
|
| 999 |
|
|
|c 153769
|d 153769
|